Mikroprocesor Motorola 68030 : Příručka programátora /

Na minha lista:
Detalhes bibliográficos
Autor principal: Čada, Ondřej (Author)
Formato: Livro
Idioma:tcheco
Publicado em: Praha : Grada, 1992
Edição:1.vyd.
Colecção:"Nestůjte za dveřmi
Tags: Adicionar Tag
Sem tags, seja o primeiro a adicionar uma tag!

MARC

LEADER 00000nam a22000003a 4500
001 stu5086
005 20150617225811.6
008 940119s1992----xr------------------cze-d
020 |a 80-85424-85-1 
040 |a STU  |b slo 
041 0 |a cze 
044 |a xr 
080 |a 681.326.181.4 
080 |a 621.382.049 
100 1 |a Čada, Ondřej  |4 aut 
245 1 |a Mikroprocesor Motorola 68030 :  |b Příručka programátora /  |c [aut.] Čada,Ondřej 
250 |a 1.vyd. 
260 |a Praha :  |b Grada,  |c 1992 
300 |a 438 s 
830 0 |a "Nestůjte za dveřmi 
996 |b 284EK08021  |c E*78484  |l EE01  |s A  |a 24  |w stu5086_0001